[Event "XXXVII Olimpiadi femminile"]
[Site "Torino ITA"]
[Date "2006.05.21"]
[Round "1.3"]
[White "Calotescu, Ana-Cristina"]
[Black "Melendez, Gabriela Maria"]
[Result "1-0"]
[WhiteElo "2325"]
[BlackElo "1883"]
[Annotator "ROU-ESA"]
[PlyCount "63"]
[EventDate "2006.05.21"]

1. c4 e6 2. Nf3 d5 3. b3 Be7 4. Bb2 Bf6 5. Qc1 Bxb2 6. Qxb2 Nf6 7. g3 O-O 8.
Bg2 c5 9. O-O Nc6 10. d3 Qc7 11. cxd5 exd5 12. d4 b6 13. Nc3 Bg4 14. dxc5 bxc5
15. Rfd1 Rfd8 16. Na4 Bxf3 17. Bxf3 Nd4 18. Bg2 Qe7 19. e3 Ne6 20. Rac1 Rac8
21. Qe5 Qc7 22. Qf5 d4 23. exd4 Nxd4 24. Rxd4 Rxd4 25. Rxc5 Rd1+ 26. Bf1 Qxc5
27. Nxc5 Rcd8 28. Ne4 Nxe4 29. Qxe4 R1d4 30. Qe7 R4d7 31. Qc5 g6 32. Kg2 1-0

[Event "XXXVII Olimpiadi femminile"]
[Site "Torino ITA"]
[Date "2006.05.21"]
[Round "1.1"]
[White "Cmilyte, Viktorija"]
[Black "Shabanaj, Eglantina"]
[Result "1-0"]
[WhiteElo "2470"]
[BlackElo "2140"]
[Annotator "LTU-ALB"]
[PlyCount "49"]
[EventDate "2006.05.21"]

1. d4 d5 2. c4 e6 3. Nc3 Nf6 4. cxd5 exd5 5. Bg5 Be7 6. e3 O-O 7. Bd3 h6 8. Bf4
a6 9. Nf3 Nbd7 10. Qb3 c6 11. O-O Re8 12. Rac1 Nf8 13. h3 Bd6 14. Ne5 Nh5 15.
Bh2 Bxe5 16. dxe5 g6 17. Na4 b5 18. Nc5 Nd7 19. e6 Nxc5 20. exf7+ Kxf7 21. Rxc5
Qg5 22. Rxc6 Be6 23. f4 Qe7 24. f5 Bd7 25. Qxd5+ 1-0

[Event "XXXVII Olimpiadi femminile"]
[Site "Torino ITA"]
[Date "2006.05.21"]
[Round "1.2"]
[White "Pasku, Roela"]
[Black "Ciuksyte, Dagne"]
[Result "0-1"]
[WhiteElo "1892"]
[BlackElo "2423"]
[Annotator "LTU-ALB"]
[PlyCount "74"]
[EventDate "2006.05.21"]

1. d4 e6 2. c4 Bb4+ 3. Bd2 Qe7 4. a3 Bxd2+ 5. Qxd2 f5 6. Nc3 Nf6 7. f3 d6 8. e4
e5 9. Nd5 Nxd5 10. cxd5 fxe4 11. O-O-O Bf5 12. fxe4 Bxe4 13. Re1 Bg6 14. dxe5
dxe5 15. Bb5+ c6 16. d6 Qe6 17. Nf3 O-O 18. Bd3 Nd7 19. Bxg6 hxg6 20. Re3 Qa2
21. Rhe1 Rf4 22. Rc3 Rd8 23. Qc2 Nf6 24. Nxe5 Rxd6 25. Qxg6 Rf2 26. Qb1 Qd5 27.
Rd3 Qc5+ 28. Rc3 Qd4 29. Rd3 Qf4+ 30. Rde3 Rf1 31. Kc2 Nd5 32. R3e2 Qf5+ 33.
Kc1 Rxe1+ 34. Rxe1 Qf4+ 35. Kc2 Ne3+ 36. Rxe3 Qxe3 37. Qa2+ Rd5 0-1

[Event "XXXVII Olimpiadi femminile"]
[Site "Torino ITA"]
[Date "2006.05.21"]
[Round "1.3"]
[White "Daulyte, Deimante"]
[Black "Gjergji, Rozana"]
[Result "1-0"]
[WhiteElo "2230"]
[BlackElo "1986"]
[Annotator "LTU-ALB"]
[PlyCount "55"]
[EventDate "2006.05.21"]

1. e4 e5 2. Nf3 Nc6 3. Bb5 a6 4. Ba4 Nf6 5. O-O Be7 6. Re1 d6 7. c3 O-O 8. h3
Nd7 9. d4 exd4 10. cxd4 Nb6 11. Bb3 Kh8 12. Nc3 f5 13. Qe2 fxe4 14. Nxe4 d5 15.
Ng3 Qd6 16. Bc2 Bd7 17. a3 Bf6 18. Qd3 g6 19. Bh6 Rfe8 20. Ng5 Kg8 21. Nxh7
Bxd4 22. Qxg6+ Qxg6 23. Bxg6 Re7 24. Ng5 Ne5 25. Nf5 Bxf5 26. Bxf5 Bxb2 27.
Rad1 Bxa3 28. Be6+ 1-0

[Event "XXXVII Olimpiadi femminile"]
[Site "Torino ITA"]
[Date "2006.05.21"]
[Round "1.1"]
[White "Martinez Porras, Ingrid Lorena"]
[Black "Dembo, Yelena"]
[Result "0-1"]
[WhiteElo "1911"]
[BlackElo "2464"]
[Annotator "GUA-GRE"]
[PlyCount "174"]
[EventDate "2006.05.21"]

1. c4 g6 2. g3 Bg7 3. Bg2 e5 4. Nc3 f5 5. e3 d6 6. Nge2 Nf6 7. O-O O-O 8. d3 c6
9. Rb1 Be6 10. b3 d5 11. Bb2 Nbd7 12. cxd5 cxd5 13. d4 e4 14. Nf4 Bf7 15. h4 h6
16. Rc1 a6 17. Ba3 Re8 18. Na4 b5 19. Nc3 Qb8 20. Bb2 g5 21. hxg5 hxg5 22. Nh3
Bh6 23. Qd2 Qd6 24. Ne2 Bh5 25. Rc2 Rac8 26. Rfc1 Rxc2 27. Rxc2 Bg4 28. Kf1 Qe6
29. Nhg1 f4 30. gxf4 gxf4 31. exf4 Nh5 32. Qc1 Qf7 33. Rc6 Bxf4 34. Nxf4 Nxf4
35. Qe3 Re6 36. Rxe6 Bxe6 37. Qg3+ Kf8 38. Ba3+ Ke8 39. Bd6 Nd3 40. Nh3 Qh5 41.
Kg1 Qg4 42. Qxg4 Bxg4 43. Nf4 Nxf4 44. Bxf4 Nf8 45. Kh2 Ne6 46. Be5 Kf7 47. Kg3
Be2 48. f4 exf3 49. Bxf3 Bxf3 50. Kxf3 Nd8 51. Ke3 Ke6 52. Bg7 Kf5 53. Bf8 Kg4
54. Bd6 Nc6 55. Bc5 Kf5 56. Bf8 Nd8 57. Bb4 Ne6 58. Bd6 Ng5 59. Bf8 Ne4 60. Bb4
Kg4 61. Ba5 Nd6 62. Bc7 Nf5+ 63. Kd3 Kf3 64. Be5 Ne7 65. Bd6 Nc6 66. Bc5 Kf2
67. Kd2 Kf3 68. Kd3 Nd8 69. Bd6 Ne6 70. a3 Nd8 71. Bc7 Nc6 72. Bd6 Na5 73. Kc3
Ke4 74. Be5 Nc6 75. Bf6 a5 76. b4 a4 77. Bg7 Ne7 78. Be5 Ng6 79. Bd6 Nf4 80.
Kd2 Ne6 81. Kc3 Nxd4 82. Kd2 Nf3+ 83. Ke2 Ne5 84. Bf8 Nc4 85. Bh6 Nxa3 86. Bc1
Nc4 87. Kd1 a3 0-1

[Event "XXXVII Olimpiadi femminile"]
[Site "Torino ITA"]
[Date "2006.05.21"]
[Round "1.2"]
[White "Botsari, Anna-Maria"]
[Black "Mazariegos Kummenfeld, Silvia Carolina"]
[Result "1-0"]
[WhiteElo "2341"]
[BlackElo "2118"]
[Annotator "GUA-GRE"]
[PlyCount "67"]
[EventDate "2006.05.21"]

1. d4 d6 2. c4 e5 3. Nc3 Nf6 4. Nf3 Nbd7 5. e4 Be7 6. Be2 O-O 7. O-O c6 8. Re1
Re8 9. Bf1 Bf8 10. Bg5 Qc7 11. Rc1 h6 12. Bh4 a5 13. h3 g5 14. Bg3 exd4 15.
Nxd4 Nc5 16. Qf3 Nfd7 17. Rcd1 Ne5 18. Qe3 Ng6 19. Nf5 Ne5 20. f4 Nxc4 21.
Nxh6+ Bxh6 22. Bxc4 g4 23. Qd4 Bg7 24. e5 gxh3 25. Qxd6 Qxd6 26. Rxd6 hxg2 27.
Kxg2 Bg4 28. Bf2 Ne6 29. Kg3 Bf5 30. Bd3 Bxd3 31. Rxd3 Bf8 32. f5 Nc5 33. Rd4
Be7 34. f6 1-0

[Event "XXXVII Olimpiadi femminile"]
[Site "Torino ITA"]
[Date "2006.05.21"]
[Round "1.3"]
[White "Castillo Melendez, Dina Lisette"]
[Black "Makropoulou, Marina"]
[Result "0-1"]
[WhiteElo "2060"]
[BlackElo "2305"]
[Annotator "GUA-GRE"]
[PlyCount "72"]
[EventDate "2006.05.21"]

1. e4 e5 2. Bc4 Nc6 3. c3 Nf6 4. d3 Bc5 5. Nf3 O-O 6. Bb3 d5 7. Qe2 h6 8. Nbd2
d4 9. O-O Qe7 10. Bc2 a5 11. a4 Rd8 12. h3 dxc3 13. bxc3 Nh5 14. Rd1 Nf4 15.
Qf1 Qf6 16. Nb3 Nxh3+ 17. Kh2 Ba7 18. gxh3 Qxf3 19. Nd2 Qf4+ 20. Kg1 Qg3+ 21.
Qg2 Bxf2+ 22. Kh1 Qxh3+ 23. Qxh3 Bxh3 24. Kh2 Bg4 25. Rf1 Be3 26. Re1 Bf4+ 27.
Kg2 Rd6 28. Nc4 Rf6 29. Ne3 Be6 30. Rh1 Rd8 31. Bd2 b6 32. Rh5 Ne7 33. Rh4 Bg5
34. Rhh1 Ng6 35. Rhf1 Nf4+ 36. Kh2 Nxd3 0-1

[Event "XXXVII Olimpiadi femminile"]
[Site "Torino ITA"]
[Date "2006.05.21"]
[Round "1.1"]
[White "Leconte, Maria"]
[Black "Ryvova, Anna"]
[Result "1-0"]
[WhiteElo "2345"]
[BlackElo "2057"]
[Annotator "FRA-ICSC"]
[PlyCount "37"]
[EventDate "2006.05.21"]

1. e4 e5 2. Nf3 Nf6 3. Nxe5 d6 4. Nf3 Nxe4 5. d4 d5 6. Bd3 Nc6 7. O-O Nf6 8. c4
Nb4 9. Re1+ Be7 10. Qa4+ Nc6 11. Nc3 O-O 12. cxd5 Nxd5 13. Nxd5 Qxd5 14. Be4
Qd6 15. d5 Nd8 16. Bf4 Qb4 17. Qc2 h6 18. Qxc7 Bf6 19. Bd6 1-0

[Event "XXXVII Olimpiadi femminile"]
[Site "Torino ITA"]
[Date "2006.05.21"]
[Round "1.2"]
[White "Rossinskaya, Ljudmilla"]
[Black "Milliet, Sophie"]
[Result "0-1"]
[WhiteElo "1931"]
[BlackElo "2330"]
[Annotator "FRA-ICSC"]
[PlyCount "60"]
[EventDate "2006.05.21"]

1. e4 c5 2. Nf3 e6 3. d4 cxd4 4. Nxd4 Nc6 5. Nxc6 bxc6 6. c4 Nf6 7. Bd3 e5 8.
O-O Be7 9. Nc3 O-O 10. Bg5 d6 11. Bxf6 Bxf6 12. b4 Be6 13. a4 Rc8 14. Qc2 g6
15. a5 d5 16. c5 Bg7 17. b5 f5 18. exd5 cxd5 19. c6 e4 20. Na4 exd3 21. Qxd3
Bxa1 22. Nc5 Qd6 23. Nxe6 Qxe6 24. Rxa1 a6 25. b6 Qxc6 26. h3 Qc4 27. Qe3 d4
28. Qe5 Rfe8 29. Qd6 Rcd8 30. Qf6 d3 0-1

[Event "XXXVII Olimpiadi femminile"]
[Site "Torino ITA"]
[Date "2006.05.21"]
[Round "1.1"]
[White "Zsiltzova-Lisenko, Lubov"]
[Black "Zhukova, Natalia"]
[Result "1/2-1/2"]
[WhiteElo "2263"]
[BlackElo "2425"]
[Annotator "IBCA-UKR"]
[PlyCount "129"]
[EventDate "2006.05.21"]

1. e4 e6 2. d4 d5 3. exd5 exd5 4. Bd3 c5 5. Qe2+ Be7 6. dxc5 Nf6 7. Nf3 O-O 8.
O-O Bxc5 9. c3 Bg4 10. Bg5 Nc6 11. Nbd2 Re8 12. Qd1 h6 13. Bxh6 gxh6 14. Qc1
Ne4 15. Qc2 Ng3 16. hxg3 Qd6 17. Kh1 Bb6 18. a4 Qf6 19. Bb5 Re7 20. Kg1 Rc8 21.
Qb3 Be6 22. Qd1 a6 23. Nh4 h5 24. Be2 d4 25. cxd4 Bxd4 26. Rb1 Rd7 27. Bd3 Rcd8
28. Qe2 Qe5 29. Qxe5 Bxe5 30. Bf5 Rxd2 31. Bxe6 fxe6 32. Rbe1 Bd4 33. b4 Rf8
34. Rxe6 Rfxf2 35. Rxf2 Rd1+ 36. Kh2 Bxf2 37. b5 axb5 38. axb5 Rb1 39. Re2 Bg1+
40. Kh1 Bd4+ 41. Kh2 Rxb5 42. Ng6 Rb1 43. Nf4 Bg1+ 44. Kh1 h4 45. Nh5 hxg3 46.
Nxg3 Bc5+ 47. Kh2 Bd6 48. Re4 Rb4 49. Rxb4 Bxb4 50. Ne4 Be1 51. Nf6+ Kf7 52.
Ng4 b5 53. Ne5+ Ke6 54. Nd3 Bd2 55. Kg3 Kd5 56. Kf3 Kd4 57. Ke2 Bh6 58. Nb4 Kc4
59. Nd3 Kc3 60. g3 Bg5 61. Nf4 Bxf4 62. gxf4 b4 63. f5 b3 64. f6 b2 65. Ke3
1/2-1/2

[Event "XXXVII Olimpiadi femminile"]
[Site "Torino ITA"]
[Date "2006.05.21"]
[Round "1.1"]
[White "Sukandar, Irine Kharisma"]
[Black "Repkova, Eva"]
[Result "1/2-1/2"]
[WhiteElo "2213"]
[BlackElo "2346"]
[Annotator "INA-SVK"]
[PlyCount "117"]
[EventDate "2006.05.21"]

1. e4 d5 2. exd5 Qxd5 3. Nc3 Qa5 4. d4 c6 5. Nf3 Nf6 6. Bc4 Bf5 7. O-O e6 8.
Bd2 Bb4 9. a3 Bxc3 10. Bxc3 Qc7 11. Ne5 Nbd7 12. Nxd7 Qxd7 13. Bd3 O-O 14. Bxf5
exf5 15. Qd3 Rfe8 16. Rad1 Rad8 17. Rfe1 Re4 18. f3 Rh4 19. Re5 Nd5 20. g3 Rh5
21. f4 Rh6 22. Rde1 Rf6 23. Bd2 h6 24. c4 Nb6 25. Re7 Qc8 26. Bc3 Na4 27. Qe3
Kh7 28. Qe5 Rdd6 29. Qa5 Nxc3 30. bxc3 a6 31. Re8 b6 32. Qxb6 Qd7 33. R1e7 c5
34. Qa5 Qc6 35. d5 Qb6 36. Qxb6 Rxb6 37. Rc8 Rb3 38. a4 Rxc3 39. Rxc5 Rb6 40.
Re2 Rb4 41. d6 Rcxc4 42. Rxf5 Rb7 43. Rd5 Rc8 44. d7 Rd8 45. Re7 f6 46. f5 Rbb8
47. Kf2 Kg8 48. Re6 a5 49. Ke3 Kf7 50. Red6 Ke7 51. Kd3 Rb7 52. Re6+ Kf7 53.
Red6 Ke7 54. Kc3 Rc7+ 55. Kd4 Rc1 56. Re6+ Kf7 57. Red6 Ke7 58. Re6+ Kf7 59.
Red6 1/2-1/2

[Event "XXXVII Olimpiadi femminile"]
[Site "Torino ITA"]
[Date "2006.05.21"]
[Round "1.2"]
[White "Hagarova, Zuzana"]
[Black "Lindiawati, Evi"]
[Result "1-0"]
[WhiteElo "2377"]
[BlackElo "2145"]
[Annotator "INA-SVK"]
[PlyCount "87"]
[EventDate "2006.05.21"]

1. e4 d5 2. exd5 Qxd5 3. Nc3 Qa5 4. d4 Nf6 5. Nf3 Bf5 6. Bd2 c6 7. Ne4 Qc7 8.
Nxf6+ exf6 9. Bc4 Bd6 10. Nh4 Be6 11. Qe2 Qe7 12. Bd3 Nd7 13. c4 Bb4 14. O-O
Bxd2 15. Qxd2 O-O-O 16. Qe3 Nb6 17. d5 cxd5 18. cxd5 Rxd5 19. Be4 Rc5 20. Nf5
Qc7 21. Nxg7 Kb8 22. Qf3 Qe7 23. Nf5 Qc7 24. Ne3 Qe7 25. b3 h5 26. Rac1 Rhc8
27. Rxc5 Rxc5 28. h3 Nc8 29. Rd1 Nd6 30. Qf4 Re5 31. Bf3 Kc7 32. Qb4 Rb5 33.
Qd4 a6 34. a4 Rg5 35. Qa7 Bxb3 36. Rxd6 Kxd6 37. Qb6+ Kd7 38. Qxb7+ Kd8 39.
Qxb3 Rc5 40. Qb6+ Qc7 41. Qxf6+ Ke8 42. g3 a5 43. Nd5 Rc1+ 44. Kg2 1-0

[Event "XXXVII Olimpiadi femminile"]
[Site "Torino ITA"]
[Date "2006.05.21"]
[Round "1.2"]
[White "Wilson, Julie"]
[Black "Krivec, Jana"]
[Result "0-1"]
[WhiteElo "1945"]
[BlackElo "2323"]
[Annotator "SLO-WLS"]
[PlyCount "64"]
[EventDate "2006.05.21"]

1. d4 d5 2. c4 dxc4 3. Nf3 c5 4. e3 cxd4 5. Bxc4 Qc7 6. Qb3 e6 7. exd4 Nf6 8.
O-O Be7 9. Nc3 a6 10. Ne5 O-O 11. Be3 Nc6 12. Nxc6 bxc6 13. h3 Nd5 14. Rac1 Rb8
15. Qc2 Nxe3 16. fxe3 c5 17. d5 Qe5 18. Rf3 Bd6 19. dxe6 Bxe6 20. Bd3 f5 21. b3
Qh2+ 22. Kf2 f4 23. e4 c4 24. Bf1 Bc5+ 25. Ke1 cxb3 26. axb3 Bxb3 27. Qd3 Rfd8
28. Qxa6 Qg1 29. Rb1 Kh8 30. Qc6 Be7 31. e5 Bh4+ 32. Ke2 Qd4 0-1

[Event "XXXVII Olimpiadi femminile"]
[Site "Torino ITA"]
[Date "2006.05.21"]
[Round "1.3"]
[White "Novak, Ksenija"]
[Black "Blackburn, Suzie G."]
[Result "1-0"]
[WhiteElo "2182"]
[BlackElo "1779"]
[Annotator "SLO-WLS"]
[PlyCount "127"]
[EventDate "2006.05.21"]

1. e4 e6 2. d4 d5 3. Nc3 Nf6 4. Bg5 Be7 5. e5 Nfd7 6. Bxe7 Qxe7 7. f4 a6 8. Nf3
c5 9. Qd2 Nc6 10. O-O-O cxd4 11. Nxd4 Nxd4 12. Qxd4 b5 13. Kb1 Bb7 14. Rg1 Rc8
15. g4 Qc5 16. Qxc5 Nxc5 17. Bg2 O-O 18. Rge1 Rfd8 19. Ne2 b4 20. Nd4 Rc7 21.
f5 Rdc8 22. g5 g6 23. fxe6 Nxe6 24. Bh3 Re8 25. Bxe6 fxe6 26. Rf1 Bc8 27. Rf6
Rc4 28. b3 Rc3 29. Rd3 Rxd3 30. cxd3 Bd7 31. Kc2 Kg7 32. Ne2 a5 33. Nf4 a4 34.
bxa4 Bxa4+ 35. Kb2 Bd7 36. Kb3 Ra8 37. Kxb4 Rxa2 38. Kc5 Ra6 39. h4 Kg8 40. Kd4
Rc6 41. Ke3 Kg7 42. h5 gxh5 43. Nxh5+ Kg8 44. Rh6 Bc8 45. Nf6+ Kg7 46. Nxh7 Ba6
47. Nf6 Rc3 48. Nh5+ Kf7 49. Nf4 Ra3 50. Rf6+ Kg8 51. Rxe6 Bc4 52. Re7 Bb3 53.
g6 Ra6 54. Kf3 Bd1+ 55. Kg3 d4 56. Kh4 Bb3 57. Kg5 Kf8 58. Rb7 Ba2 59. Nh5 Ra5
60. g7+ Ke8 61. Nf6+ Kd8 62. Kf5 Rc5 63. g8=Q+ Bxg8 64. Nxg8 1-0

[Event "XXXVII Olimpiadi femminile"]
[Site "Torino ITA"]
[Date "2006.05.21"]
[Round "1.3"]
[White "Brunello, Marina"]
[Black "Muhren, Bianca"]
[Result "0-1"]
[WhiteElo "1920"]
[BlackElo "2253"]
[Annotator "ITA2-NED"]
[PlyCount "80"]
[EventDate "2006.05.21"]

1. e4 c5 2. Nf3 d6 3. d4 cxd4 4. Nxd4 Nf6 5. Nc3 a6 6. f3 e6 7. Be3 b5 8. Qd2
b4 9. Nce2 e5 10. Nb3 Nc6 11. O-O-O Be6 12. g4 a5 13. Kb1 Be7 14. h4 Nd7 15. g5
a4 16. Nbc1 Ra5 17. f4 exf4 18. Bxf4 Nde5 19. Nd4 Nxd4 20. Qxd4 Qb8 21. Bh3
Bxh3 22. Rxh3 O-O 23. h5 Rc5 24. h6 g6 25. Nd3 Rb5 26. Rg3 Rc8 27. Rg2 Rc4 28.
Qf2 Rxe4 29. Bc1 Qe8 30. Nxe5 Rbxe5 31. Bf4 Rf5 32. Rg4 Bxg5 33. Rxg5 Rfxf4 34.
Qh2 Re1 35. Rgd5 Rxd1+ 36. Rxd1 Qe5 37. Qd2 Re4 38. Qg2 a3 39. c3 bxc3 40. bxc3
Qxc3 0-1

[Event "XXXVII Olimpiadi femminile"]
[Site "Torino ITA"]
[Date "2006.05.21"]
[Round "1.1"]
[White "Maric, Alisa"]
[Black "Sanchez Castillo, Sarai"]
[Result "0-1"]
[WhiteElo "2415"]
[BlackElo "2176"]
[Annotator "SCG-VEN"]
[PlyCount "114"]
[EventDate "2006.05.21"]

1. Nf3 d5 2. d4 Nf6 3. c4 c6 4. cxd5 cxd5 5. Nc3 Nc6 6. Bf4 a6 7. Rc1 e6 8. e3
Be7 9. h3 Bd7 10. Bd3 b5 11. O-O O-O 12. Ne5 Na5 13. b3 Rc8 14. Nb1 Nc6 15. a3
Ne4 16. Qe2 f6 17. Nxc6 Bxc6 18. a4 Qa5 19. axb5 Bxb5 20. Bxb5 axb5 21. f3 Nd6
22. e4 b4 23. Qd3 Qb5 24. Qe3 dxe4 25. Bxd6 Bxd6 26. Qxe4 Qd5 27. Nd2 f5 28.
Qe3 e5 29. Nc4 exd4 30. Qd3 Bc5 31. Rfe1 Qf7 32. Ne5 Qd5 33. Nc4 g6 34. Re5 Qf7
35. Rce1 Rfe8 36. Kh1 Rxe5 37. Rxe5 Qf6 38. Rd5 Ba7 39. Rd7 Qa6 40. f4 Re8 41.
Qf3 Re4 42. Rd8+ Kg7 43. Rd7+ Kh8 44. Rd8+ Kg7 45. Rd7+ Kf8 46. Rd8+ Ke7 47.
Rh8 Qa1+ 48. Kh2 d3 49. Rxh7+ Kf6 50. Rxa7 Qxa7 51. Qxd3 Qd4 52. Qf3 Rxf4 53.
Qc6+ Kg5 54. Nd6 Rf1 55. Nf7+ Kh5 56. Qc7 Qg1+ 57. Kg3 f4+ 0-1

[Event "XXXVII Olimpiadi femminile"]
[Site "Torino ITA"]
[Date "2006.05.21"]
[Round "1.3"]
[White "Maksimovic, Suzana"]
[Black "Hernandez, Zaida"]
[Result "1/2-1/2"]
[WhiteElo "2295"]
[BlackElo "2046"]
[Annotator "SCG-VEN"]
[PlyCount "116"]
[EventDate "2006.05.21"]

1. d4 d5 2. c4 c6 3. Nf3 Nf6 4. e3 e6 5. Bd3 Nbd7 6. Nbd2 Bd6 7. e4 dxe4 8.
Nxe4 Nxe4 9. Bxe4 Nf6 10. Bc2 Bb4+ 11. Ke2 h6 12. a3 Bd6 13. Re1 O-O 14. Kf1 b6
15. b3 Bb7 16. Bb2 Re8 17. Qd3 Qc7 18. d5 e5 19. Nxe5 Rxe5 20. f4 Rxe1+ 21.
Rxe1 Re8 22. Rd1 Bxf4 23. Bxf6 gxf6 24. d6 Bxd6 25. Qxd6 Qxd6 26. Rxd6 Re7 27.
Rxf6 Kg7 28. Rd6 c5 29. Bd1 Ba8 30. Kf2 Be4 31. b4 Bb7 32. g3 Ba8 33. bxc5 bxc5
34. Bf3 Bxf3 35. Kxf3 Re1 36. Rd5 Ra1 37. Rxc5 Rxa3+ 38. Ke4 Ra2 39. Rc7 a5 40.
Ra7 Re2+ 41. Kd4 Rd2+ 42. Kc5 Rxh2 43. Rxa5 Kf6 44. Kb6 Rg2 45. Ra3 Rb2+ 46.
Kc6 Ke5 47. Rd3 f5 48. c5 h5 49. Rd8 Rb3 50. Rg8 Ke4 51. Kc7 f4 52. gxf4 Kxf4
53. c6 h4 54. Kd6 h3 55. c7 Rc3 56. c8=Q Rxc8 57. Rxc8 h2 58. Rh8 Kg3 1/2-1/2

[Event "XXXVII Olimpiadi femminile"]
[Site "Torino ITA"]
[Date "2006.05.21"]
[Round "1.2"]
[White "Borsuk, Angela"]
[Black "Giulian, Rosemary A."]
[Result "1-0"]
[WhiteElo "2341"]
[BlackElo "2050"]
[Annotator "SCO-ISR"]
[PlyCount "79"]
[EventDate "2006.05.21"]

1. d4 e6 2. Nf3 Nf6 3. c4 Bb4+ 4. Bd2 Bxd2+ 5. Qxd2 O-O 6. Nc3 d5 7. e3 b6 8.
Bd3 dxc4 9. Bxc4 Bb7 10. Be2 Qe7 11. O-O Nbd7 12. Rfd1 Rfd8 13. Qc2 c5 14. e4
cxd4 15. Nxd4 Qc5 16. Qa4 Ne5 17. Rac1 Bc6 18. Nxc6 Rxd1+ 19. Qxd1 Qxc6 20. Nd5
Qd7 21. Nxf6+ gxf6 22. Qxd7 Nxd7 23. Rc7 Ne5 24. f4 Ng6 25. g3 Rd8 26. Rxa7 Rd2
27. Kf2 Rxb2 28. h4 h6 29. h5 Nf8 30. a4 Ra2 31. Kf3 Ra3+ 32. Kg4 Nh7 33. Kh3
e5 34. Kg4 Rc3 35. Bb5 Kf8 36. Rb7 exf4 37. gxf4 Kg7 38. Be8 f5+ 39. Kxf5 Rc5+
40. e5 1-0

[Event "XXXVII Olimpiadi femminile"]
[Site "Torino ITA"]
[Date "2006.05.21"]
[Round "1.1"]
[White "Basem-Hassan, Miriam"]
[Black "Jackova, Jana"]
[Result "0-1"]
[WhiteElo "2028"]
[BlackElo "2389"]
[Annotator "PUR-CZE"]
[PlyCount "65"]
[EventDate "2006.05.21"]

1. e4 e5 2. Nf3 Nc6 3. Bb5 a6 4. Ba4 Nf6 5. O-O Be7 6. Re1 b5 7. Bb3 O-O 8. a4
Bb7 9. d3 Re8 10. Nc3 Na5 11. Ba2 b4 12. Ne2 Bf8 13. Bd2 c5 14. Ng3 g6 15. Ng5
Re7 16. Qf3 Bg7 17. h4 Nc6 18. c3 Qb6 19. Bxf7+ Rxf7 20. Nxf7 Kxf7 21. h5 Nd8
22. hxg6+ hxg6 23. cxb4 cxb4 24. Be3 Qa5 25. Bd2 Ne6 26. Ne2 Rc8 27. g4 Kg8 28.
Kg2 Rc2 29. Bc1 Nc5 30. Ng3 Nb3 31. Bg5 Nd4 32. Qd1 Rxb2 33. Qc1 0-1

[Event "XXXVII Olimpiadi femminile"]
[Site "Torino ITA"]
[Date "2006.05.21"]
[Round "1.3"]
[White "Martinez, Natiska"]
[Black "Sikorova, Olga"]
[Result "0-1"]
[WhiteElo "2050"]
[BlackElo "2276"]
[Annotator "PUR-CZE"]
[PlyCount "76"]
[EventDate "2006.05.21"]

1. e4 d5 2. exd5 Nf6 3. d4 Nxd5 4. Nf3 Bg4 5. Be2 e6 6. O-O Nc6 7. c4 Nb6 8. b3
Be7 9. Be3 Bf6 10. Nc3 Bf5 11. Rc1 O-O 12. Qd2 Qd7 13. Rfd1 Rad8 14. Bg5 Qe7
15. Bxf6 Qxf6 16. Qf4 Qe7 17. Ne5 Nxe5 18. dxe5 Qc5 19. Rxd8 Rxd8 20. Re1 c6
21. Kh1 h6 22. Bf1 g5 23. Qe3 Qxe3 24. Rxe3 Rd2 25. Re2 Rxe2 26. Bxe2 Nd7 27.
Na4 Kf8 28. g3 Nxe5 29. Kg2 Ke7 30. f4 gxf4 31. gxf4 Nd7 32. b4 Kd6 33. Nc3 b6
34. a3 e5 35. Kf3 Nf6 36. Ke3 Bd7 37. Bf3 Ng4+ 38. Ke4 f5+ 0-1

[Event "XXXVII Olimpiadi femminile"]
[Site "Torino ITA"]
[Date "2006.05.21"]
[Round "1.1"]
[White "Ibraheem, Delbak Ismael Ibraheem"]
[Black "Hoang, Thi Bao Tram"]
[Result "0-1"]
[WhiteElo "1897"]
[BlackElo "2349"]
[Annotator "IRQ-VIE"]
[PlyCount "52"]
[EventDate "2006.05.21"]

1. e4 c6 2. d4 d5 3. exd5 cxd5 4. Bd3 Nc6 5. c3 Nf6 6. Bf4 Bg4 7. Nf3 e6 8. Qb3
Qc8 9. Nbd2 Be7 10. Ne5 Bh5 11. Bb5 O-O 12. Bxc6 bxc6 13. Qa4 c5 14. Nc6 Qd7
15. Nxe7+ Qxe7 16. Nb3 cxd4 17. cxd4 Rfc8 18. O-O Rc2 19. Rfc1 Rac8 20. f3 h6
21. Rxc2 Rxc2 22. Rc1 Rxb2 23. Rc7 Rb1+ 24. Kf2 Ne4+ 25. Ke3 Qh4 26. Rc2 Re1+
0-1

[Event "XXXVII Olimpiadi femminile"]
[Site "Torino ITA"]
[Date "2006.05.21"]
[Round "1.1"]
[White "Delgado Crespo, Mairelys"]
[Black "Bakalarz, Grazyna"]
[Result "1-0"]
[WhiteElo "2296"]
[BlackElo "2068"]
[Annotator "ESP-LUX"]
[PlyCount "95"]
[EventDate "2006.05.21"]

1. e4 c5 2. Nf3 e6 3. d4 cxd4 4. Nxd4 Nf6 5. Nc3 Nc6 6. a3 d5 7. Bb5 Bd7 8.
exd5 Nxd4 9. Bxd7+ Qxd7 10. Qxd4 Nxd5 11. Nxd5 Rd8 12. Be3 a6 13. O-O-O exd5
14. Rhe1 f6 15. Bd2+ Kf7 16. Ba5 Rc8 17. Qxd5+ Qxd5 18. Rxd5 b5 19. Rd7+ Kg6
20. Re6 Bc5 21. Rxa6 Bxf2 22. Re6 Bg1 23. h3 h5 24. Ree7 Rhg8 25. Bb4 Rc6 26.
Rb7 Bb6 27. Rbd7 Bg1 28. Rd5 Rgc8 29. c3 Rb8 30. Rdd7 Rg8 31. Rc7 Rxc7 32. Rxc7
Rd8 33. Kc2 Be3 34. c4 bxc4 35. Rxc4 Rd5 36. Bc3 Rf5 37. Re4 Rf2+ 38. Kd3 Bc1
39. Re2 Rf5 40. Kc2 Bg5 41. b4 Rf1 42. b5 Rc1+ 43. Kb2 Rd1 44. a4 Bf4 45. b6
Rd7 46. a5 Rb7 47. Bd4 Rd7 48. Kc3 1-0

[Event "XXXVII Olimpiadi femminile"]
[Site "Torino ITA"]
[Date "2006.05.21"]
[Round "1.2"]
[White "Steil-Antoni, Fiona"]
[Black "Llaneza Vega, Patricia"]
[Result "1-0"]
[WhiteElo "1968"]
[BlackElo "2276"]
[Annotator "ESP-LUX"]
[PlyCount "83"]
[EventDate "2006.05.21"]

1. e4 c5 2. Nf3 e6 3. c3 Nf6 4. e5 Nd5 5. d4 cxd4 6. cxd4 d6 7. Nc3 Nxc3 8.
bxc3 Qc7 9. Bd2 Nd7 10. exd6 Bxd6 11. Bd3 O-O 12. O-O Nf6 13. h3 b6 14. Re1 Bf4
15. Ne5 Bxd2 16. Qxd2 Bb7 17. Re3 g6 18. Rc1 Rac8 19. Rg3 Ne4 20. Bxe4 Bxe4 21.
Qh6 f6 22. Nf3 Qg7 23. Qe3 Bd5 24. h4 Bxa2 25. h5 Bd5 26. hxg6 hxg6 27. Nh4 g5
28. f4 Qh7 29. Rg4 f5 30. Rxg5+ Kf7 31. Nf3 Bxf3 32. Qxf3 Rh8 33. Kf2 Qh4+ 34.
Ke2 Rc7 35. Qe3 Rhc8 36. Rg3 Qh5+ 37. Kd2 Qh6 38. Rh3 Qg6 39. g3 Ke7 40. Qe5
Kd7 41. d5 Rd8 42. Rh7+ 1-0

[Event "XXXVII Olimpiadi femminile"]
[Site "Torino ITA"]
[Date "2006.05.21"]
[Round "1.1"]
[White "Pina Vega, Sulennis"]
[Black "Luna, Raisa"]
[Result "1-0"]
[WhiteElo "2334"]
[BlackElo "1974"]
[Annotator "CUB-BOL"]
[PlyCount "121"]
[EventDate "2006.05.21"]

1. e4 c5 2. Nf3 d6 3. d4 cxd4 4. Nxd4 Nf6 5. Nc3 a6 6. f4 e6 7. Qf3 Nbd7 8. Be3
Be7 9. g4 g6 10. g5 Nh5 11. O-O-O e5 12. Nde2 O-O 13. Nd5 exf4 14. Bd4 Bxg5 15.
Rg1 Ng7 16. Nexf4 Ne6 17. Kb1 Nxd4 18. Rxd4 Ne5 19. Qb3 b5 20. Be2 Bb7 21. Rgd1
Nc6 22. R4d3 Na5 23. Qb4 Rc8 24. Rg3 Re8 25. Rxg5 Qxg5 26. Qxa5 Rxe4 27. Qd2
Bxd5 28. Nxd5 Qxd2 29. Rxd2 Kg7 30. a3 f5 31. Bf3 Re1+ 32. Ka2 g5 33. Nb4 g4
34. Bb7 Rce8 35. Bxa6 R8e2 36. Rd5 Rxh2 37. Rxf5 Kg6 38. Rf8 Re5 39. Nc6 Rg5
40. Nd4 Rd2 41. c3 h5 42. Bxb5 Rxd4 43. Rg8+ Kf6 44. Rxg5 Kxg5 45. cxd4 h4 46.
a4 h3 47. a5 g3 48. a6 g2 49. a7 g1=Q 50. a8=Q h2 51. Bc6 Qe1 52. Qg8+ Kf4 53.
Qf7+ Kg5 54. Qd5+ Qe5 55. b4 Kf4 56. Qf3+ Kg5 57. Qg2+ Kf5 58. b5 Qxd4 59. Qd5+
Qxd5+ 60. Bxd5 Ke5 61. Bh1 1-0